000 00624nam a2200217Ia 4500
005 20250508170007.0
008 008 250505s9999 xx 000 0 eng d
020 _a978-1-5264-2373-3
037 _aReference
040 _aFEDL
_beng
_cFEDL
041 _aeng
_2eng
084 _a370.152 3, KAP/RR
_qFEDL
100 _aKapur Veena Ed.
_9782633
245 0 _aDynamic learning spaces in education
260 _aSingapore
_bSpringer
_c2018
300 _axxi, 390p.
365 _aEURO
_b109.99
700 _a Ghose Sudipta Ed.
_9782634
942 _cREF
_h370.152 3, KAP/RR
999 _c1398576
_d1398576